000 00680nam a2200253Ia 4500
003 OSt
005 20221007063142.0
006 a|||||r|||| 00| 0
007 ta
008 221006b |||||||| |||| 00| 0 eng d
024 _a7,612
037 _cTextual
040 _aFLL
_cFLL
_beng
041 _2eng
_aeng
082 _aXM55:Z2, L1
100 _aShah Shantilal Mohanlal Au.
_9683852
245 0 _aLectures on company law
250 _a16th
260 _aBombay
_bN.M.Tripathi India
_c1971
300 _axxxi,460p,ccclii
_ccm.
650 _aCompany law
942 _hXM55:Z2, L1
_cTEXL
_2CC
999 _c1130526
_d1130526